| 000 | 00913nam a22001937a 4500 | ||
|---|---|---|---|
| 999 |
_c80594 _d80594 |
||
| 008 | 201130b ||||| |||| 00| 0 eng d | ||
| 040 |
_bger _cSTAFF _erda _aSTAFF |
||
| 041 | _ager | ||
| 100 | _aKelm, Hartmut | ||
| 245 |
_aEin Brandruine, die Bierkeller, Filmstudio und Diskothek war. _bImmobilien: Die Stadt ist reich an einst bedeutenden und heute leerstehenden Bauten. Ein verlassener Ort ist das Haus am Berg in der Gubener Vorstadt/ _cHartmut Kelm |
||
| 651 | _aFrankfurt (Oder) | ||
| 653 | _aHaus am Berg / Geschichte | ||
| 653 | _a Haus am Klenksberg / "Friedrichshöhe" / Ball- und Konzerthaus Deutsches Heim / Haus am Berg / Irish Pub / Diskothek "Rocket" | ||
| 773 |
_dFrankfurt (Oder): Märkisches Verlags- und Druckhaus GmbH & Co KG _g32. Jahrgang (2021) Nr. 12 vom 15.01.2021, S. 13 _tMärkische Oderzeitung |
||
| 942 | _cA | ||